Systems Engineering Principles and Practice.
Saved in:
| Main Authors: | , , , |
|---|---|
| Format: | Unknown |
| Published: |
Hoboken, NJ., United States:
John Wiley & Sons,
2020.
|
| Edition: | Third edition. |
| Series: | Wiley Series in Systems Engineering and Management.
|
| Subjects: | |
| Tags: |
Add Tag
No Tags, Be the first to tag this record!
|
MARC
| LEADER | 00000 a2200000 4500 | ||
|---|---|---|---|
| 003 | CL-VaPUC | ||
| 005 | 20220909102430.0 | ||
| 008 | 220830t2020 ||||| |||| 00| 0 eng d | ||
| 999 | |c 438548 |d 438546 | ||
| 020 | |a 978-1119516668 | ||
| 040 | |c Pontificia Universidad Católica de Valparaíso | ||
| 082 | 7 | |a 620.001171 KOS 2020 |2 23 | |
| 100 | |a Kossiakoff, Alexander |9 876017 |e author | ||
| 245 | |a Systems Engineering Principles and Practice. | ||
| 250 | |a Third edition. | ||
| 260 | |a Hoboken, NJ., United States: |b John Wiley & Sons, |c 2020. | ||
| 300 | |a 647 páginas. | ||
| 490 | |a Wiley Series in Systems Engineering and Management. | ||
| 583 | |k Cristina María Rojas Aguilar |c 20220830 | ||
| 650 | 0 | |a Ingeniería de sistemas |9 261019 | |
| 700 | |a Seymour, Samuel J. |e author |9 876064 | ||
| 700 | |a Flanigan, David A. |e author |9 876065 | ||
| 700 | |a Biemer, Steven M. |e author |9 876066 | ||
| 942 | |2 ddc |c BK | ||
| 952 | |0 0 |1 0 |2 ddc |4 0 |6 620_001171000000000_KOS_2020 |7 0 |8 A |9 586459 |a BIBING |b BIBING |c GEN |d 2022-08-26 |e 1 |g 121771.00 |i 5654281 |l 1 |m 1 |o 620.001171 KOS 2020 |p 5654281 |r 2025-01-20 |s 2022-11-18 |t 1 |v 121771.00 |w 2022-08-26 |y BK |k EII | ||